Elementary mechanics of solids (Record no. 4447)

000 -LEADER
fixed length control field 00558nam a2200217 a 4500
001 - CONTROL NUMBER
control field 4447
003 - CONTROL NUMBER IDENTIFIER
control field BD-DhUET
008 - FIXED-LENGTH DATA ELEMENTS--GENERAL INFORMATION
fixed length control field 810420t19811980nyua b 001 0 eng
020 ## - INTERNATIONAL STANDARD BOOK NUMBER
International Standard Book Number 085226819X
040 ## - CATALOGING SOURCE
Original cataloging agency DLC
Transcribing agency DLC
Modifying agency BD-DhUET
082 ## - DEWEY DECIMAL CLASSIFICATION NUMBER
Classification number 531
Item number SIN/1980
100 ## - MAIN ENTRY--PERSONAL NAME
Personal name Singh, Pashupati Nath
245 10 - TITLE STATEMENT
Title Elementary mechanics of solids
250 ## - EDITION STATEMENT
Edition statement 1st ed.
260 ## - PUBLICATION, DISTRIBUTION, ETC. (IMPRINT)
Place of publication, distribution, etc. New Delhi
Name of publisher, distributor, etc. Wiley Eastern
Date of publication, distribution, etc. 1980
300 ## - PHYSICAL DESCRIPTION
Extent xvi, 616p.
Other physical details ill.
504 ## - BIBLIOGRAPHY, ETC. NOTE
Bibliography, etc Includes bibliographies
650 #0 - SUBJECT ADDED ENTRY--TOPICAL TERM
Topical term or geographic name as entry element Mechanics of solids
700 ## - ADDED ENTRY--PERSONAL NAME
Personal name Jha, Prem Kumar
942 ## - ADDED ENTRY ELEMENTS (KOHA)
Koha item type General Book
Holdings
Koha full call number Piece designation (barcode) Location (home branch) Lost status Koha item type Koha normalized classification for sorting Copy number Not for loan Withdrawn status Sublocation or collection (holding branch) Source of classification or shelving scheme Price effective from Shelving location Date acquired Damaged status Koha date last seen
531/SIN/198059249Central Library, BUET General Book531_000000000000000_SIN_19801  Central Library, BUET 2014-11-16Circulation section2014-11-16 2014-11-16
531/SIN/198059250Central Library, BUET General Book531_000000000000000_SIN_19802  Central Library, BUET 2015-03-10Circulation section2015-03-10 2015-03-10
531/SIN/198059252Central Library, BUET General Book531_000000000000000_SIN_19803  Central Library, BUET 2015-03-10Circulation section2015-03-10 2015-03-10
531/SIN/198059245Central Library, BUET General Book531_000000000000000_SIN_19804  Central Library, BUET 2015-03-10Circulation section2015-03-10 2015-03-10
531/SIN/198059246Central Library, BUET General Book531_000000000000000_SIN_19805  Central Library, BUET 2015-03-10Circulation section2015-03-10 2015-03-10
531/SIN/1980 Central Library, BUET General Book531_000000000000000_SIN_19806  Central Library, BUET 2015-03-11 2015-03-11 2015-03-11
531/SIN/198059248Central Library, BUET General Book531_000000000000000_SIN_19807  Central Library, BUET 2015-03-11Circulation section2015-03-11 2015-03-11
531/SIN/198057348Central Library, BUET General Book531_000000000000000_SIN_19808  Central Library, BUET 2015-03-11Circulation section2015-03-11 2015-03-11
531/SIN/198055367Central Library, BUET General Book531_000000000000000_SIN_19809  Central Library, BUET 2015-03-22Circulation section2015-03-22 2016-03-27
531/SIN/198059244Central Library, BUET Reading Item531_000000000000000_SIN_198010  Central Library, BUET 2015-06-08Reading section2015-06-08 2015-06-08
531/SIN/198059243Central Library, BUET Reading Item531_000000000000000_SIN_198011  Central Library, BUET 2015-06-08Reading section2015-06-08 2015-06-08